书目信息 |
| 题名: |
语言学简史
|
|
| 作者: | 罗宾斯 著 | |
| 分册: | ||
| 出版信息: | 北京 外语教学与研究出版社 2001 |
|
| 页数: | 291页 | |
| 开本: | 21cm | |
| 丛书名: | ||
| 单 册: | ||
| 中图分类: | H0-09 | |
| 科图分类: | ||
| 主题词: | 语言学简史--英文 , 语言学简史 , 英文 | |
| 电子资源: | ||
| ISBN: | 978-7-5600-2383-0 | |
| 000 | 00834nam0 2200277 450 | |
| 000 | 00826nam0 2200277 450 | |
| 000 | 00758nam0 2200253 450 | |
| 000 | 00722nam0 2200241 45 | |
| 005 | 20070802165346.56 | |
| 010 | @a978-7-5600-2383-0@dCNY27.90 | |
| 100 | @a20070730d2001 em y0chiy0120 ea | |
| 101 | 1 | @achi@ceng |
| 102 | @aCN@b110000 | |
| 105 | @ay z 000yy | |
| 200 | 1 | @a语言学简史@AYu Yan Xue Jian Shi@f[英]罗宾斯著@F[ Ying ] Luo Bin Si Zhu |
| 210 | @a北京@c外语教学与研究出版社@d2001 | |
| 215 | @a291页@d21cm | |
| 300 | @a当代国外语言学与应用语言学文库 | |
| 510 | 1 | @aA Short History of Linguistics@zeng |
| 606 | 0 | @a语言学简史@x英文 |
| 606 | 0 | @a语言学简史 |
| 606 | 0 | @a英文 |
| 690 | @aH0-09@v4 | |
| 701 | 1 | @c[英]@a罗宾斯@ALuo Bin Si@4著 |
| 801 | 0 | @aCN@bTAOJIN@c20070802 |
| 905 | @a10447@dH0-09@e186 | |
| 语言学简史/[英]罗宾斯著.-北京:外语教学与研究出版社,2001 |
| 291页;21cm |
| 当代国外语言学与应用语言学文库 |
| ISBN 978-7-5600-2383-0:CNY27.90 |
| ● |
| 相关链接 |
|
|
|
|
正题名:语言学简史
索取号:H0-09/186
 
预约/预借
| 序号 | 登录号 | 条形码 | 馆藏地/架位号 | 状态 | 备注 |
| 1 | 0826778 | 208267784 | 第二样本阅览室/ [索取号:H0-09/186] | 在馆 | |
| 2 | 0826779 | 208267793 | 第四借阅区/ [索取号:H0-09/186] | 在馆 | |
| 3 | 0826780 | 208267800 | 第四借阅区/ [索取号:H0-09/186] | 在馆 | |
| 4 | 0826781 | 208267819 | 第四借阅区/ [索取号:H0-09/186] | 在馆 | |
| 5 | 0826782 | 208267828 | 第四借阅区/ [索取号:H0-09/186] | 在馆 |